000 00544nam a2200193Ia 4500
005 20250326140431.0
008 250326s9999 xx 000 0 und d
020 _a0-19-566413-2
037 _aTextbook
040 _aFMSL
_beng
_cFMSL
041 _aeng
_2eng
084 _aX.44 P3
_qFMSL
100 _aDhar P N
245 0 _aEvolution of economic policy in India: selected essays
_cDhar P N
260 _aNew Delhi
_bNew Delhi, Oxford University
_c2003
300 _a252p
942 _cTB
_hX.44 P3
999 _c1285785
_d1285785